000 00463nam a2200169Ia 4500
008 230917s9999||||xx |||||||||||||| ||und||
020 _cRS1195
040 _e244028
_aMAIN
041 _aEnglish
082 _a338.4791 N338I
100 _aNelson, Velvet
245 0 _aIntroduction to the geography of tourism
260 _aJaipur
_bRawat Publications
_c2013
300 _axx, 309 p.
500 _a2978 13/12/2017 HBD18/7153 17/01/2018 IHTM (SFS)
942 _cBK
999 _c25007
_d25007